| 000 | 00489nam a2200181Ia 4500 | ||
|---|---|---|---|
| 008 | 230718s9999 xx 000 0 und d | ||
| 020 | _a9788175156210 | ||
| 041 | _aeng | ||
| 082 |
_a621 _bMUB |
||
| 100 |
_aMubeen A. _9174915 |
||
| 245 | _aQuestion Bank In Mechanical Engineering | ||
| 250 | _a2nd ed. | ||
| 260 |
_c2010 _bGalgotia Publication |
||
| 300 | _a1066 | ||
| 365 |
_cRs. _b350.00 |
||
| 700 |
_aMubeen A. _9174915 |
||
| 906 |
_dO:0130724-Nov-2010B:280315-Oct-2010 _cMECH _b87.5 |
||
| 999 |
_c326458 _d326458 |
||